00363nam a2200157Ia 4500008004100000041000800041100001500049245003500064260003600099300000800135365001200143500000900155520001200164650001000176999001900186230605s2005 xx 000 0 und d aeng aCostantino aThe Hand book of Energy Drinks bSil verdale book wigston c2005 a256 b764h15 a1822 aGeneral aF. B. c418687d418687